[Event "LTU-ch sf"]
[Site "Kaunas"]
[Date "2024.03.07"]
[Round "2"]
[White "Baliuniene, Margarita"]
[Black "Bieliauskas, Marius"]
[Result "1/2-1/2"]
[WhiteElo "1931"]
[BlackElo "2166"]
[PlyCount "166"]
[EventDate "2024.03.06"]
[EventType "swiss"]
[EventRounds "8"]
[EventCountry "LTU"]
[SourceTitle "CB11_2024"]
[SourceDate "2024.03.13"]
[SourceVersion "1"]
[SourceVersionDate "2024.03.13"]
[SourceQuality "1"]

1. d4 Nf6 2. Nf3 e6 3. c4 Bb4+ 4. Bd2 Qe7 5. a3 Bxd2+ 6. Nbxd2 d6 7. e4 e5 8. d5 0-0 9. Be2 a5 10. b4 c6 11. 0-0 Na6 12. Qb3 Bg4 13. Rab1 axb4 14. axb4 c5 15. b5 Nb4 16. Ra1 Rfb8 17. Qb2 Qd8 18. Rxa8 Rxa8 19. Ra1 h5 20. h3 Bxf3 21. Bxf3 g6 22. Be2 Ra5 23. Rxa5 Qxa5 24. f4 Qa2 25. Qxa2 Nxa2 26. fxe5 dxe5 27. Kf2 Nb4 28. g3 Nc2 29. Bd3 Nd4 30. Nb1 Nd7 31. Nc3 Kg7 32. Bf1 f5 33. h4 Kf6 34. Bh3 Ke7 35. Ke3 Nb6 36. Kd3 Kd6 37. Bg2 f4 38. gxf4 exf4 39. Bf1 Nd7 40. Ne2 Ne5+ 41. Kc3 Ndf3 42. Nxf4 Nxh4 43. Kd2 Nhf3+ 44. Ke3 Ng5 45. Ng2 Ngf7 46. Nf4 Ke7 47. Be2 Nd6 48. Ne6 b6 49. Kf4 Kf6 50. Ng5 Ndf7 51. Nh7+ Kg7 52. Ng5 Kf6 53. Nh7+ Ke7 54. Bf1 Kd6 55. Ng5 Nd8 56. Nh3 Nb7 57. Kg5 Ke7 58. Nf4 Kf7 59. Ne6 Nd6 60. Nd8+ Ke7 61. Nc6+ Nxc6 62. bxc6 Nxe4+ 63. Kxg6 Kd6 64. Bg2 Nd2 65. Kxh5 Nxc4 66. Kg5 b5 67. Bf1 Nb6 68. Bxb5 Nxd5 69. Kf5 Nc3 70. Bc4 Kxc6 71. Ke5 Nd1 72. Ke4 Kd6 73. Bb3 Nb2 74. Bg8 Kc6 75. Ke3 Kb5 76. Kd2 Kb4 77. Kc2 Nc4 78. Bh7 Na3+ 79. Kb2 c4 80. Kc1 Nb5 81. Bg8 c3 82. Bh7 Nd4 83. Bg8 c2 1/2-1/2

[Event "LTU-ch sf"]
[Site "Kaunas"]
[Date "2024.03.07"]
[Round "3"]
[White "Rimeikis, Andrius"]
[Black "Baliuniene, Margarita"]
[Result "1-0"]
[WhiteElo "2108"]
[BlackElo "1931"]
[PlyCount "89"]
[EventDate "2024.03.06"]
[EventType "swiss"]
[EventRounds "8"]
[EventCountry "LTU"]
[SourceTitle "CB11_2024"]
[SourceDate "2024.03.13"]
[SourceVersion "1"]
[SourceVersionDate "2024.03.13"]
[SourceQuality "1"]

1. e4 c5 2. Nf3 g6 3. d4 cxd4 4. Nxd4 Bg7 5. Nc3 Nc6 6. Be3 Nf6 7. Bc4 0-0 8. Bb3 Ng4 9. Qxg4 Nxd4 10. Qd1 Nxb3 11. axb3 b6 12. Qd5 Bxc3+ 13. bxc3 Qc7 14. Qd4 Bb7 15. 0-0 f6 16. Rfd1 d6 17. c4 Rf7 18. Re1 Qc6 19. f3 f5 20. e5 dxe5 21. Qxe5 Qd6 22. Bd4 Qxe5 23. Rxe5 Bc6 24. c3 Kf8 25. Re6 Bb7 26. Kf2 Ke8 27. Re2 Bc6 28. Rea2 e6 29. b4 b5 30. cxb5 Bxb5 31. Ra5 Rb7 32. Bxa7 Bc4 33. Bd4 Rc8 34. Ke3 Kd7 35. Ra7 Rcc7 36. Ra8 Kc6 37. R1a5 Rb5 38. R5a6+ Kd7 39. R8a7 Rbb7 40. Rxb7 Rxb7 41. Ra5 Bb5 42. h4 Kc6 43. c4 Bxc4 44. Rc5+ Kd6 45. Be5+ 1-0

[Event "Wch Seniors (Women) 31st"]
[Site "Terassini"]
[Date "2023.10.25"]
[Round "1"]
[White "Baliuniene, Margarita"]
[Black "Mikhaylova, Irina"]
[Result "1/2-1/2"]
[WhiteElo "1865"]
[BlackElo "2216"]
[PlyCount "54"]
[EventDate "2023.10.25"]
[EventType "swiss"]
[EventRounds "11"]
[EventCountry "ITA"]
[SourceTitle "Mega2024 Update 01"]
[Source "Chessbase"]
[SourceDate "2023.11.12"]
[SourceVersion "1"]
[SourceVersionDate "2023.11.12"]
[SourceQuality "1"]

1. d4 Nf6 2. c4 g6 3. Nc3 d5 4. e3 Bg7 5. Nf3 0-0 6. cxd5 Nxd5 7. Bc4 Nb6 8. Bb3 c5 9. 0-0 cxd4 10. exd4 Bg4 11. Be3 Nc6 12. h3 Bxf3 13. Qxf3 Na5 14. Rfd1 Nbc4 15. Bxc4 Nxc4 16. b3 Nxe3 17. fxe3 Rc8 18. Rac1 Qd7 19. Qd5 Rfd8 20. Qxd7 Rxd7 21. Nb5 Ra8 22. Kf2 f5 23. Ke2 Kf7 24. Rc2 a6 25. Na3 b5 26. Rc6 Raa7 27. Nc2 Rac7 1/2-1/2

[Event "EU-ch Seniors 50 (Women)"]
[Site "Acqui Terme"]
[Date "2023.05.27"]
[Round "2"]
[White "Baliuniene, Margarita"]
[Black "Baglay, Kseniya"]
[Result "0-1"]
[WhiteElo "1920"]
[BlackElo "1712"]
[PlyCount "158"]
[EventDate "2023.05.26"]
[EventType "swiss"]
[EventRounds "9"]
[EventCountry "ITA"]
[SourceTitle "CBM 214 Extra"]
[Source "ChessBase"]
[SourceDate "2023.07.31"]
[SourceVersion "1"]
[SourceVersionDate "2023.07.31"]
[SourceQuality "1"]

1. d4 Nf6 2. Nf3 c5 3. d5 d6 4. c4 e6 5. Nc3 exd5 6. cxd5 Be7 7. e4 0-0 8. Be2 Bg4 9. Nd2 Bxe2 10. Qxe2 Nbd7 11. 0-0 h6 12. a4 Nh7 13. Nc4 f6 14. f4 Re8 15. Qg4 Bf8 16. Bd2 Nb6 17. Ne3 Qc8 18. Qg3 Qd7 19. b3 Nc8 20. Rae1 Ne7 21. h4 g6 22. h5 g5 23. f5 Nc8 24. Qf3 b6 25. Ne2 a6 26. Bc3 b5 27. Ng4 Bg7 28. a5 b4 29. Bb2 Qb5 30. Ra1 Ra7 31. Ne3 Qd3 32. Ng3 Qxb3 33. Qe2 Rae7 34. Rf3 Rxe4 35. Nxe4 Rxe4 36. Qd2 Ne7 37. Rc1 g4 38. Nxg4 Qxd5 39. Nxh6+ Bxh6 40. Qxh6 Rg4 41. Qe3 Nxf5 42. Qf2 Nd4 43. Re3 Qxh5 44. Rg3 Ng5 45. Bxd4 Rxd4 46. Re1 Rd1 47. Qe3 Rxe1+ 48. Qxe1 Qh4 49. Qe8+ Kg7 50. Re3 Qd4 51. Kh2 Qf4+ 52. Kg1 Nf7 53. g3 Qd4 54. Kg2 Qd2+ 55. Re2 Qd5+ 56. Kf2 Ne5 57. Qc8 Qf3+ 58. Ke1 Qxg3+ 59. Kd1 Qb3+ 60. Ke1 Qc3+ 61. Kf1 Qc1+ 62. Kg2 Qg5+ 63. Kf1 Qf4+ 64. Ke1 c4 65. Qb7+ Kg6 66. Qg2+ Qg4 67. Qd5 Nd3+ 68. Kd2 Qg5+ 69. Qxg5+ Kxg5 70. Re6 Nc5 71. Re8 f5 72. Kc2 f4 73. Rd8 Ne4 74. Re8 Kf5 75. Kd1 f3 76. Rf8+ Kg4 77. Ke1 c3 78. Rb8 c2 79. Rc8 b3 0-1

[Event "Wch Seniors 50 30th"]
[Site "Assisi"]
[Date "2022.11.15"]
[Round "1"]
[White "Baliuniene, Margarita"]
[Black "Estremera Panos, Sergio"]
[Result "0-1"]
[WhiteElo "1933"]
[BlackElo "2259"]
[PlyCount "66"]
[EventDate "2022.11.15"]
[EventType "swiss"]
[EventRounds "11"]
[EventCountry "ITA"]
[SourceTitle "CBM 211 Extra"]
[Source "ChessBase"]
[SourceDate "2023.01.31"]
[SourceVersion "1"]
[SourceVersionDate "2023.01.31"]
[SourceQuality "1"]

1. d4 Nf6 2. Nf3 e6 3. c4 c5 4. g3 cxd4 5. Nxd4 d5 6. Bg2 e5 7. Nf3 d4 8. 0-0 Nc6 9. Bg5 Be7 10. Nbd2 0-0 11. Rc1 Re8 12. a3 e4 13. Ne1 e3 14. fxe3 Ng4 15. Bxe7 Qxe7 16. Qb3 Nxe3 17. Bxc6 Nxf1 18. Bxe8 Nxd2 19. Qd3 Ne4 20. Ba4 Nc5 21. Qxd4 Nxa4 22. c5 Bh3 23. e4 Qg5 24. Rc2 Rd8 25. Nf3 Rxd4 26. Nxg5 Bg4 27. Kf2 h6 28. Nf3 Bxf3 29. Kxf3 Rd3+ 30. Kf4 Rb3 31. Rc4 Nxb2 32. Rd4 Nd3+ 33. Kf5 Nxc5 0-1

[Event "EU-ch Seniors 50 21st"]
[Site "Lublin"]
[Date "2022.07.11"]
[Round "7"]
[White "Baliuniene, Margarita"]
[Black "Pietinen, Pekka"]
[Result "1-0"]
[WhiteElo "1935"]
[BlackElo "1937"]
[PlyCount "47"]
[EventDate "2022.07.05"]
[EventType "swiss"]
[EventRounds "9"]
[EventCountry "POL"]
[SourceTitle "CBM 209 Extra"]
[Source "ChessBase"]
[SourceDate "2022.09.30"]
[SourceVersion "1"]
[SourceVersionDate "2022.09.30"]
[SourceQuality "1"]

1. d4 d6 2. Nf3 g6 3. g3 b6 4. Bg2 Bb7 5. c4 Nd7 6. Nc3 Bg7 7. e4 e6 8. 0-0 Ne7 9. Be3 0-0 10. Rc1 h6 11. Qd2 Kh7 12. b4 Rb8 13. d5 exd5 14. cxd5 f5 15. Nd4 Bxd4 16. Bxd4 fxe4 17. Bxe4 Nf6 18. Bxf6 Rxf6 19. Nb5 Ba6 20. a4 Bxb5 21. axb5 Qd7 22. Qc3 Rf7 23. Qxc7 Ng8 24. Qxb8 1-0

[Event "EU-ch Seniors 50 21st"]
[Site "Lublin"]
[Date "2022.07.08"]
[Round "4"]
[White "Chlewinski, Artur"]
[Black "Baliuniene, Margarita"]
[Result "0-1"]
[WhiteElo "1417"]
[BlackElo "1935"]
[PlyCount "72"]
[EventDate "2022.07.05"]
[EventType "swiss"]
[EventRounds "9"]
[EventCountry "POL"]
[SourceTitle "CBM 209 Extra"]
[Source "ChessBase"]
[SourceDate "2022.09.30"]
[SourceVersion "1"]
[SourceVersionDate "2022.09.30"]
[SourceQuality "1"]

1. e4 c5 2. Nf3 g6 3. d4 cxd4 4. Nxd4 Bg7 5. c3 Nc6 6. Be3 Nf6 7. f3 0-0 8. Qd2 d5 9. Nxc6 bxc6 10. e5 Nd7 11. f4 e6 12. g3 c5 13. Be2 Qc7 14. 0-0 Bb7 15. Na3 a6 16. b4 f6 17. Bg4 Rfe8 18. exf6 Bxf6 19. Rad1 Rac8 20. Bf3 cxb4 21. cxb4 Bc3 22. Qd3 Bxb4 23. Rc1 Qa5 24. Nc4 Qxa2 25. Ne5 Nxe5 26. fxe5 Qa5 27. Qd4 Qb5 28. h4 a5 29. Kg2 Qd7 30. h5 Ba6 31. Rh1 Rxc1 32. Bxc1 Qg7 33. Rh4 Be7 34. Rg4 Rc8 35. Bb2 Rc2+ 36. Kh3 Bf1+ 0-1

[Event "LTU-chT (Women)"]
[Site "Kaunas"]
[Date "2022.03.19"]
[Round "5.3"]
[White "Baliuniene, Margarita"]
[Black "Fokaite, Gabriele"]
[Result "1-0"]
[WhiteElo "1964"]
[BlackElo "1510"]
[PlyCount "113"]
[EventDate "2022.03.11"]
[EventType "team-tourn"]
[EventRounds "7"]
[EventCountry "LTU"]
[SourceTitle "EXT 2023"]
[Source "ChessBase"]
[SourceDate "2022.10.05"]
[SourceVersion "1"]
[SourceVersionDate "2022.10.05"]
[SourceQuality "1"]
[WhiteTeam "Kaunas SBK (W)"]
[BlackTeam "Vilnius (W)"]
[WhiteTeamCountry "LTU"]
[BlackTeamCountry "LTU"]

1. d4 d5 2. Nf3 c6 3. e3 Bf5 4. c4 Nf6 5. Nc3 h6 6. Qb3 Qc7 7. cxd5 cxd5 8. Nxd5 Nxd5 9. Qxd5 e6 10. Qb3 Nc6 11. Bd2 Bd6 12. Rc1 Be4 13. Bd3 Bxd3 14. Qxd3 0-0 15. 0-0 Rad8 16. Rfd1 Qb6 17. Bc3 Rfe8 18. Nd2 Bb8 19. g3 Ne5 20. Qe2 Ng6 21. e4 f5 22. Nb3 Qd6 23. Nc5 Qe7 24. e5 b6 25. Nd3 Qg5 26. f4 Qe7 27. Nb4 Qb7 28. Qg2 Qxg2+ 29. Kxg2 Ne7 30. Kf3 a5 31. Nc2 Nd5 32. Ne3 Nxe3 33. Kxe3 Rd5 34. b3 Red8 35. Bb2 Kf7 36. Rc6 b5 37. Rdc1 Ba7 38. Rc7+ R8d7 39. Rxd7+ Rxd7 40. Rc6 Rb7 41. Ra6 Bb6 42. Kd3 Ke7 43. Bc3 b4 44. Bb2 Kd7 45. Kc4 Kc6 46. a3 Rc7 47. axb4 axb4 48. Kxb4 Ra7 49. Rxa7 Bxa7 50. Kc4 g5 51. b4 Bb6 52. b5+ Kd7 53. Bc3 g4 54. Bb4 h5 55. Bc5 Bd8 56. d5 exd5+ 57. Kxd5 1-0

[Event "LTU-ch (Women)"]
[Site "Vilnius"]
[Date "2021.10.23"]
[Round "2"]
[White "Baliuniene, Margarita"]
[Black "Rauckyte, Kamile"]
[Result "1-0"]
[WhiteElo "1924"]
[BlackElo "1398"]
[PlyCount "57"]
[EventDate "2021.10.22"]
[EventType "swiss"]
[EventRounds "7"]
[EventCountry "LTU"]
[SourceTitle "CBM 204 Extra"]
[Source "ChessBase"]
[SourceDate "2021.11.30"]
[SourceVersion "1"]
[SourceVersionDate "2021.11.30"]
[SourceQuality "1"]

1. Nf3 Nf6 2. d4 d5 3. c4 c6 4. e3 e6 5. Nc3 Nbd7 6. Bd3 dxc4 7. Bxc4 b5 8. Bd3 a6 9. 0-0 c5 10. b3 cxd4 11. Nxd4 Bb7 12. Bb2 Bb4 13. Rc1 Ne5 14. Bb1 Rc8 15. a3 Bxc3 16. Bxc3 Qd5 17. f3 Ng6 18. Bb4 Qd8 19. Rxc8 Bxc8 20. Qc1 Ne7 21. Rd1 Nfd5 22. Bxe7 Nxe7 23. Nxb5 Nd5 24. Qc6+ Bd7 25. Qxa6 0-0 26. Nd4 Qg5 27. f4 Qg4 28. Qd3 Nxe3 29. Qxh7# 1-0

[Event "EU-ch Seniors 50"]
[Site "Budoni"]
[Date "2021.10.03"]
[Round "8"]
[White "Baliuniene, Margarita"]
[Black "Krasenkova, Ilena"]
[Result "1-0"]
[WhiteElo "1924"]
[BlackElo "2123"]
[PlyCount "61"]
[EventDate "2021.09.26"]
[EventType "swiss"]
[EventRounds "9"]
[EventCountry "ITA"]
[SourceTitle "EXT 2023"]
[Source "ChessBase"]
[SourceDate "2022.10.05"]
[SourceVersion "1"]
[SourceVersionDate "2022.10.05"]
[SourceQuality "1"]

1. Nf3 d5 2. d4 c6 3. e3 Bf5 4. c4 e6 5. Nc3 Nf6 6. Qb3 Qc8 7. Nh4 Bg4 8. h3 Bh5 9. g4 Bg6 10. Nxg6 hxg6 11. Bg2 Nbd7 12. cxd5 Nxd5 13. Bd2 N7b6 14. e4 Nxc3 15. bxc3 Be7 16. a4 0-0 17. Rb1 Qd8 18. a5 Nd7 19. c4 e5 20. 0-0 exd4 21. Qxb7 c5 22. Bf4 Re8 23. Bc7 Qc8 24. e5 Kf8 25. Qxa8 Qxc7 26. Qd5 Nb8 27. Rb7 Qxa5 28. Rfb1 Na6 29. Rxa7 Qa2 30. Qb7 Bh4 31. Qxf7# 1-0

[Event "Poronin Tatra Limba op"]
[Site "Poronin"]
[Date "2021.05.24"]
[Round "3"]
[White "Baliuniene, Margarita"]
[Black "Zielonka, Adam"]
[Result "0-1"]
[WhiteElo "1875"]
[BlackElo "1686"]
[PlyCount "84"]
[EventDate "2021.05.22"]
[EventType "swiss"]
[EventRounds "9"]
[EventCountry "POL"]
[SourceTitle "EXT 2022"]
[Source "ChessBase"]
[SourceDate "2021.10.06"]
[SourceVersion "1"]
[SourceVersionDate "2021.10.06"]
[SourceQuality "1"]

1. d4 Nf6 2. c4 e6 3. Nf3 Bb4+ 4. Nbd2 b6 5. a3 Bxd2+ 6. Bxd2 Bb7 7. Bg5 h6 8. Bh4 d6 9. e3 g5 10. Bg3 h5 11. h4 g4 12. Ng5 Ne4 13. Nxe4 Bxe4 14. f3 gxf3 15. gxf3 Bb7 16. e4 Qe7 17. Be2 Nd7 18. Qa4 Rg8 19. Rg1 Qf6 20. 0-0-0 Rxg3 21. Rxg3 Qf4+ 22. Kb1 Qxg3 23. c5 c6 24. cxd6 Qxd6 25. e5 Qd5 26. Rg1 Qa5 27. Qc2 0-0-0 28. f4 Qd5 29. Rd1 Rg8 30. Bc4 Qg2 31. Rd2 Qh1+ 32. Ka2 Rg1 33. f5 Ra1+ 34. Kb3 Qf3+ 35. Bd3 Ba6 36. fxe6 fxe6 37. Qc3 Qd5+ 38. Kc2 Bxd3+ 39. Qxd3 Qh1 40. Qg3 Rc1+ 41. Kd3 Qf1+ 42. Ke3 Re1+ 0-1

[Event "Bassano del Grappa Mix IM 1st"]
[Site "Bassano del Grappa"]
[Date "2021.03.20"]
[Round "8"]
[White "Baliuniene, Margarita"]
[Black "Frick, Christoph"]
[Result "1/2-1/2"]
[WhiteElo "1886"]
[BlackElo "2051"]
[PlyCount "66"]
[EventDate "2021.03.17"]
[EventType "tourn"]
[EventRounds "9"]
[EventCountry "ITA"]
[SourceTitle "CBM 201 Extra"]
[Source "ChessBase"]
[SourceDate "2021.05.31"]
[SourceVersion "1"]
[SourceVersionDate "2021.05.31"]
[SourceQuality "1"]

1. d4 d5 2. c4 c6 3. cxd5 cxd5 4. Nc3 Nf6 5. Bg5 e6 6. Nf3 Be7 7. e3 0-0 8. Bd3 Nc6 9. 0-0 Bd7 10. Rc1 Rc8 11. a4 Ne8 12. Bxe7 Qxe7 13. Nb5 Nd6 14. Nxd6 Qxd6 15. Qd2 Ne7 16. b3 Rxc1 17. Rxc1 Rc8 18. Rxc8+ Bxc8 19. Qc2 h6 20. g3 Qc6 21. Qxc6 Nxc6 22. Kf1 Kf8 23. Ke2 Ke7 24. Kd2 Kd6 25. Kc3 a5 26. h4 Bd7 27. Bb5 Nb8 28. Bxd7 Nxd7 29. b4 b6 30. bxa5 bxa5 31. Kb3 h5 32. Ne1 g6 33. Nd3 f6 1/2-1/2

[Event "Bassano del Grappa Mix IM 1st"]
[Site "Bassano del Grappa"]
[Date "2021.03.20"]
[Round "7"]
[White "Checa, Nicolas D"]
[Black "Baliuniene, Margarita"]
[Result "1-0"]
[WhiteElo "2546"]
[BlackElo "1886"]
[PlyCount "103"]
[EventDate "2021.03.17"]
[EventType "tourn"]
[EventRounds "9"]
[EventCountry "ITA"]
[SourceTitle "CBM 201 Extra"]
[Source "ChessBase"]
[SourceDate "2021.05.31"]
[SourceVersion "1"]
[SourceVersionDate "2021.05.31"]
[SourceQuality "1"]

1. d4 d5 2. c4 e6 3. Nc3 Nf6 4. cxd5 exd5 5. Bg5 c6 6. e3 Be7 7. Bd3 0-0 8. Qc2 h6 9. Bh4 a5 10. Nge2 Na6 11. a3 b5 12. 0-0 Bd7 13. Rfc1 Nc7 14. a4 b4 15. Nb1 Ne6 16. Nd2 c5 17. dxc5 Bxc5 18. Bb5 g5 19. Bxd7 Qxd7 20. Bg3 Rac8 21. Qd3 Rfd8 22. Nb3 Bb6 23. Qa6 Bc7 24. Bxc7 Rxc7 25. Qxa5 Rc4 26. Nd2 Rxc1+ 27. Rxc1 d4 28. exd4 Nxd4 29. Nxd4 Qxd4 30. Nf1 Ng4 31. Rc2 Re8 32. Qc5 Qd1 33. Rc1 Qxa4 34. Qf5 b3 35. h3 Ne5 36. Ng3 Qf4 37. Rc8 Rxc8 38. Qxc8+ Kh7 39. Qc3 g4 40. h4 Kg6 41. Qxb3 Qc1+ 42. Kh2 Qd2 43. Qb6+ Kh7 44. b4 Nd3 45. Qd4 Qc2 46. Qe4+ Kh8 47. b5 Qb3 48. b6 Qxb6 49. Qxd3 Qxf2 50. Qf5 Qxf5 51. Nxf5 h5 52. Ng3 1-0

[Event "Bassano del Grappa Mix IM 1st"]
[Site "Bassano del Grappa"]
[Date "2021.03.18"]
[Round "4"]
[White "Bernadskiy, Vitaliy"]
[Black "Baliuniene, Margarita"]
[Result "1-0"]
[WhiteElo "2599"]
[BlackElo "1886"]
[PlyCount "32"]
[EventDate "2021.03.17"]
[EventType "tourn"]
[EventRounds "9"]
[EventCountry "ITA"]
[SourceTitle "CBM 201 Extra"]
[Source "ChessBase"]
[SourceDate "2021.05.31"]
[SourceVersion "1"]
[SourceVersionDate "2021.05.31"]
[SourceQuality "1"]

1. e4 c5 2. Nc3 Nc6 3. Bb5 d6 4. f4 Bd7 5. Nf3 g6 6. d3 Bg7 7. Bc4 Na5 8. Bd2 Nxc4 9. dxc4 Nf6 10. e5 dxe5 11. fxe5 Ng4 12. Qe2 Bc6 13. 0-0-0 0-0 14. Rhe1 e6 15. Kb1 Qb6 16. Bf4 Nh6 1-0

[Event "Panevezys Kveinys Memorial op"]
[Site "Panevezys"]
[Date "2020.07.03"]
[Round "9"]
[White "Baliuniene, Margarita"]
[Black "Butvilas, Aistis"]
[Result "0-1"]
[WhiteElo "2013"]
[BlackElo "2103"]
[PlyCount "142"]
[EventDate "2020.06.26"]
[EventType "swiss"]
[EventRounds "9"]
[EventCountry "LTU"]
[SourceTitle "CBM 197 Extra"]
[Source "ChessBase"]
[SourceDate "2020.09.30"]
[SourceVersion "1"]
[SourceVersionDate "2020.09.30"]
[SourceQuality "1"]

1. d4 Nf6 2. Nf3 e6 3. c4 d5 4. e3 b6 5. cxd5 exd5 6. Bd3 Bd6 7. Nc3 Bb7 8. 0-0 0-0 9. Qc2 a6 10. a3 Re8 11. b4 Nbd7 12. b5 a5 13. a4 Qe7 14. Qb3 Nf8 15. Ba3 Rad8 16. Bxd6 Rxd6 17. Rac1 Ne4 18. Qc2 Ng6 19. Ne2 Rd7 20. Rfe1 Qd6 21. Nd2 f5 22. f3 Nxd2 23. Qxd2 Rf8 24. f4 Ne7 25. Ng3 g6 26. Qb2 Qf6 27. Nf1 g5 28. fxg5 Qxg5 29. Nd2 Ng6 30. Nf3 Qh6 31. Qc2 Rdf7 32. Re2 Kg7 33. Rf1 Bc8 34. Qc6 Rd8 35. Qc1 Re8 36. Qc6 Rxe3 37. Qc2 Rxe2 38. Qxe2 Re7 39. Ne5 Nxe5 40. dxe5 Rf7 41. Qf3 Be6 42. h3 Qg5 43. Kh2 f4 44. Re1 Kh8 45. Re2 Rg7 46. Bc2 Qg3+ 47. Qxg3 fxg3+ 48. Kg1 Kg8 49. Bb3 Kf7 50. Re3 Ke7 51. Bd1 Rg5 52. h4 Rf5 53. Bc2 d4 54. Rxg3 Rxe5 55. Bxh7 Rh5 56. Rg7+ Kf6 57. Rxc7 Rxh4 58. Bd3 Bd5 59. Kf2 Ke5 60. Rf7 Rh6 61. Rf5+ Kd6 62. g4 Rh3 63. Ke2 Rh2+ 64. Ke1 Bb3 65. Rf6+ Kc5 66. Rc6+ Kb4 67. Rxb6 Kc3 68. Bf5 d3 69. Bxd3 Kxd3 70. Ra6 Ke3 71. Kf1 Bd5 0-1

[Event "Hillerod 100th Ann (Women)"]
[Site "Hillerod"]
[Date "2020.02.13"]
[Round "7"]
[White "Baliuniene, Margarita"]
[Black "Kakulidis, Ellen"]
[Result "1-0"]
[WhiteElo "1982"]
[BlackElo "2052"]
[PlyCount "107"]
[EventDate "2020.02.08"]
[EventType "tourn"]
[EventRounds "9"]
[EventCountry "DEN"]
[SourceTitle "CBM 194 Extra"]
[Source "ChessBase"]
[SourceDate "2020.03.31"]
[SourceVersion "1"]
[SourceVersionDate "2020.03.31"]
[SourceQuality "1"]

1. Nf3 Nf6 2. g3 d5 3. Bg2 e6 4. d4 Be7 5. 0-0 0-0 6. c4 c6 7. b3 b6 8. Bb2 a5 9. Nbd2 Bb7 10. Ne5 Na6 11. Rc1 Rc8 12. e3 Rc7 13. Qe2 Qa8 14. Rfd1 Rfc8 15. e4 Bb4 16. exd5 cxd5 17. Ndf3 Ne4 18. a3 Bf8 19. Nd2 Nxd2 20. Rxd2 a4 21. b4 dxc4 22. Bxb7 Qxb7 23. Rxc4 Rxc4 24. Nxc4 Nc7 25. Rc2 Nd5 26. Ne5 g6 27. Rxc8 Qxc8 28. Qb5 f6 29. Nc6 Qa8 30. Qc4 Kf7 31. b5 Be7 32. h4 h5 33. Bc1 Qb7 34. Qxa4 Nc3 35. Qc4 Ne4 36. d5 Nd6 37. dxe6+ Kg7 38. Qd3 g5 39. hxg5 fxg5 40. Bxg5 Bxg5 41. Qxd6 Qa8 42. e7 Bxe7 43. Qxe7+ Kg6 44. f4 Qa4 45. Qg5+ Kf7 46. Qxh5+ Kf8 47. Qf5+ Kg7 48. Qe5+ Kh7 49. Qe7+ Kh6 50. Qd6+ Kh5 51. Qd3 Kg4 52. Ne5+ Kh3 53. Qf5+ Kxg3 54. Qg4# 1-0

[Event "Hillerod 100th Ann (Women)"]
[Site "Hillerod"]
[Date "2020.02.10"]
[Round "4"]
[White "Baliuniene, Margarita"]
[Black "Berke, Ana"]
[Result "1/2-1/2"]
[WhiteElo "1982"]
[BlackElo "2152"]
[PlyCount "80"]
[EventDate "2020.02.08"]
[EventType "tourn"]
[EventRounds "9"]
[EventCountry "DEN"]
[SourceTitle "CBM 194 Extra"]
[Source "ChessBase"]
[SourceDate "2020.03.31"]
[SourceVersion "1"]
[SourceVersionDate "2020.03.31"]
[SourceQuality "1"]

1. d4 Nf6 2. Nf3 e6 3. c4 c5 4. d5 b5 5. e3 Bb7 6. cxb5 Nxd5 7. Nc3 Be7 8. Nxd5 Bxd5 9. Bd2 a6 10. Bc3 Bf6 11. Qc2 0-0 12. e4 Bxc3+ 13. bxc3 Bb7 14. Be2 axb5 15. Bxb5 Qa5 16. Bd3 c4 17. Bxc4 Rc8 18. Nd2 d5 19. exd5 exd5 20. Bd3 Re8+ 21. Kf1 g6 22. Nb3 Qc7 23. h4 Nd7 24. Kg1 Ne5 25. h5 Nxd3 26. Qxd3 Rxa2 27. Rd1 d4 28. Qxd4 Rae2 29. Rf1 Qc6 30. Rh2 Re1 31. Nd2 Ba6 32. c4 Rxf1+ 33. Nxf1 Bxc4 34. Ne3 Ba6 35. Rh3 Qe4 36. Qxe4 Rxe4 37. hxg6 fxg6 38. Rg3 Ra4 39. Rg5 Kg7 40. Rc5 h5 1/2-1/2

[Event "Hillerod 100th Ann (Women)"]
[Site "Hillerod"]
[Date "2020.02.09"]
[Round "3"]
[White "Nilssen, Ellen Fredericia"]
[Black "Baliuniene, Margarita"]
[Result "1/2-1/2"]
[WhiteElo "2065"]
[BlackElo "1982"]
[PlyCount "106"]
[EventDate "2020.02.08"]
[EventType "tourn"]
[EventRounds "9"]
[EventCountry "DEN"]
[SourceTitle "CBM 194 Extra"]
[Source "ChessBase"]
[SourceDate "2020.03.31"]
[SourceVersion "1"]
[SourceVersionDate "2020.03.31"]
[SourceQuality "1"]

1. d4 d5 2. Nf3 Nf6 3. c4 e6 4. Nc3 Be7 5. cxd5 exd5 6. Bg5 c6 7. Qc2 Nbd7 8. e3 Nf8 9. Bd3 Ne6 10. Bh4 g6 11. 0-0 0-0 12. Rab1 Ng7 13. b4 a6 14. Na4 Nf5 15. Bg3 Nxg3 16. hxg3 Bd6 17. Nd2 Qe7 18. Nc5 Re8 19. Rfe1 Ne4 20. Ndxe4 dxe4 21. Nxe4 Bxb4 22. Nf6+ Qxf6 23. Rxb4 Qd6 24. Reb1 Re7 25. Rb6 Ra7 26. Bc4 Bf5 27. Bd3 Bxd3 28. Qxd3 Qd5 29. Qa3 Rc7 30. Rc1 Ra8 31. Qb2 Qd7 32. d5 Rac8 33. d6 Qxd6 34. Rxb7 c5 35. Rxc7 Qxc7 36. Qc3 Qb6 37. a4 c4 38. Rc2 Qb1+ 39. Rc1 Qa2 40. Qa5 Qb2 41. Rc3 Qb1+ 42. Kh2 Qb7 43. Kg1 Qc6 44. Qb4 Qd5 45. Qb1 Qd2 46. Qb4 Qd1+ 47. Kh2 Qd5 48. Qb1 a5 49. Qc2 Rc5 50. Kg1 Kg7 51. Kh2 g5 52. g4 Rc6 53. Kg1 Rc5 1/2-1/2